000 01805nam a2200469 i 4500
999 _c45207
_d45207
001 768714001
003 CO-MdFUSB
005 20200819113155.0
007 ta
007 cr aa aaaaaaaa
008 170516t1996 s ||||| |||| 00| 0 s d
020 _a9788482675626
_qimpreso
020 _a9788482677149
_qelectrónico
040 _aCO-MdFUSB
_bspa
_cCO-MdFUSB
_dCO-MdFUSBC
_erda
041 0 _aspa
082 0 4 _223
_a220.6
_bC3212f
100 1 _aCarson, D. A. (Donald A.)
_eautor
240 _aFalacias exegéticas : Interpretación eficaz hoy
245 0 _aFalacias exegéticas
_c/ D. A. Carson ; Traducido por Beatriz Fernández
_h[Recurso físico y electrónico]
264 4 _aBarcelona :
_bEditorial Clie,
_c©1996
300 _a146 páginas
_c; 23 cm
336 _2rdacontent
_atexto
_btxt
337 _2rdamedia
_aotro
_bn
337 _2rdamedia
_ainformático
_bc
338 _2rdacarrier
_avolumen
_bnc
338 _2rdacarrier
_aremoto
_bcr
500 _aTítulo original en inglés: Exegetical fallacies
501 _arústico
505 _aFalacias en el estudio de palabras -- Falacias gramaticales -- Falacias lógicas -- Falacias históricas y por presuposición -- Reflexiones finales
506 _aPréstamo en biblioteca del libro físico
506 _aSolicitar clave y usuario para acceder al libro electrónico.
506 _aLibro multiusuario.
563 _aRústico
650 0 _aBiblia
_916
650 7 _aHermenéutica
_9418
653 _aExégesis bíblica
653 _aErrores populares - Biblia
856 _b1681938
_uhttp://search.ebscohost.com/login.aspx?direct=true&scope=site&db=nlebk&db=nlabk&AN=1681938
_zAbrir Versión electrónica del libro Falacias exegéticas
942 _cBK
945 _aJTF-925